Plants that belong to mint family (Lamiaceae) - sudden death - Statistics

General Stats
  • This quiz has been taken 58 times
  • The average score is 6 of 15
Answers on the Grid
Answers color-coded by a green-red scale on the quiz's grid according to % correct below.
Lavender
Chamomille
Basil
Knotweed
Marjoram
Mint
Borage
Rosemary
Peony
Sorrel
Oregano
Caper
Savory
Common marigold
Chaste tree
Teak
Tea plant
Common sage
Lime
Common nettle
Dead-nettle
St. John's wort
Catnip
Vervain (Verbena)
Chia
Common rue
Thyme
Lemon balm (Melissa)
 
Answer Stats
Answer % Correct
Mint
83%
Basil
53%
Lavender
53%
Oregano
50%
Catnip
47%
Rosemary
43%
Marjoram
40%
Thyme
40%
Common sage
37%
Lemon balm (Melissa)
37%
Dead-nettle
30%
Savory
30%
Chia
10%
Chaste tree
7%
Teak
3%
No matching quizzes found
Score Distribution
Percent of People with Each Score
Percentile by Number Answered
Your Score History
You have not taken this quiz